Statistics for Guess The Vanarama National League Logo (Read Desc)

Click here to take the quiz!

General Stats

  • This quiz has been taken 9 times
  • The average score is 17 of 24

Answer Stats

Answer% Correct
Chesterfield
89%
Kidderminster
89%
Southend
89%
York City
89%
Boreham
78%
Dagenham
78%
Hartlepool
78%
Oldham
78%
Altrincham
67%
Barnet
67%
Bromley
67%
Dorking Wanderers
67%
Eastleigh
67%
Ebbsfleet
67%
Gateshead
67%
Rochdale
67%
Solihull Moors
67%
Wealdstone
67%
Woking
67%
Aldershot Town
56%
Fylde
56%
Halifax Town
56%
Maidenhead
56%
Oxford City
56%

Score Distribution

Percentile by Number Answered

Percent of People with Each Score

Your Score History

You have not taken this quiz